|
|
|
|
| LEADER |
00791cam a2200217 7i4500 |
| 001 |
0000021315 |
| 005 |
20170218090000.0 |
| 008 |
080425 eng |
| 020 |
|
|
|a 9780335222049
|
| 020 |
|
|
|a 0335222048 (hbk.)
|
| 040 |
|
|
|a DLC
|
| 090 |
0 |
0 |
|a HV10.5
|b .E84 2006
|
| 245 |
0 |
0 |
|a Ethical practice in social work :
|b an applied approach
|c Wendy Bowles...[et al.].
|
| 260 |
|
|
|a Berkshire, England:
|b Open University Press,
|c 2006.
|
| 300 |
|
|
|a xviii, 242 p.;
|c 21 cm.
|
| 504 |
|
|
|a Includes bibliographical references and index
|
| 650 |
0 |
0 |
|a Social service --
|x Moral and ethical aspects
|
| 650 |
0 |
0 |
|a Social workers --
|x Professional ethics
|
| 700 |
1 |
|
|a Bowles, Wendy
|
| 997 |
|
|
|a Business & Accountancy, Faculty
|
| 999 |
|
|
|a 0000021083
|b BOK
|c OPEN SHELF
|e 1st Floor, Bestari Jaya
|